000 00609nam a22002417a 4500
003 UA-OsUOA
001 42046
007 ta
008 20061023b un ||||| |||| 00| 0 ukr d
100 _aГуменицький М.
090 _a821,161,2
_bГ 94
942 _cBK
040 _aUA-OsUOA
_bukr
_cUA-OsUOA
_dUA-OsUOA
245 _aПоезії
300 _a126 с.
955 _a3
041 _aukr
080 _a821,161,2
020 _a966-95296-1-1
260 _aХмельницький
_c2000
650 7 _a82 Література. Літературознавство
_2UDC
999 _c328182
_d328182